000 00174 a2200085 4500
020 _a9780006511083
082 _aEJF DOUG
100 _aSara Douglass
_9175047
245 _aStarman
999 _c742488
_d742487
942 _w395
_xKholofelo Moabelo
_y395
_zKholofelo Moabelo